Поваренная книга пяти элементов (Запись № 11701742)

Подробности
000 -МАРКЕР
контрольное поле 01957nam0a2200397 4500
001 - ИДЕНТИФИКАТОР ЗАПИСИ
контрольное поле RU\NLR\BIBL_A\011440932
005 - ИДЕНТИФИКАТОР ВЕРСИИ
контрольное поле 20241115071425.0
010 ## - МЕЖДУНАРОДНЫЙ СТАНДАРТНЫЙ НОМЕР КНИГИ (ISBN)
Номер (ISBN) 9785885038089
Тираж 1500
021 ## - НОМЕР ГОСУДАРСТВЕННОЙ РЕГИСТРАЦИИ
Код страны Российская Федерация
Номер 2017-47958
Номер Листа государственной регистраци 3442
035 ## - ДРУГИЕ СИСТЕМНЫЕ НОМЕРА
Идентификатор записи (RuMoRGB)008925858
035 ## - ДРУГИЕ СИСТЕМНЫЕ НОМЕРА
Идентификатор записи (NLR Aleph) 011440932
100 ## - ДАННЫЕ ОБЩЕЙ ОБРАБОТКИ
Данные общей обработки 20170719d2017 y0rusy50 ca
101 1# - ЯЗЫК РЕСУРСА
Язык текста, звукозаписи и т.д. русский
Язык оригинала немецкий
102 ## - СТРАНА ПУБЛИКАЦИИ ИЛИ ПРОИЗВОДСТВА
Страна публикации Российская Федерация
105 ## - ПОЛЕ КОДИРОВАННЫХ ДАННЫХ: ТЕКСТОВЫЕ МАТЕРИАЛЫ, МОНОГРАФИЧЕСКИЕ
Кодированные данные о монографическом текстовом документе a zzzz00000zy
200 1# - ЗАГЛАВИЕ И СВЕДЕНИЯ ОБ ОТВЕТСТВЕННОСТИ
Основное заглавие Поваренная книга пяти элементов
Сведения, относящиеся к заглавию практическое применение китайского учения о питании для западной кухни
-- 200 рецептов для оздоровления тела и духа
-- [перевод с немецкого]
Первые сведения об ответственности Барбара Темели и Беатрис Требут
210 ## - ПУБЛИКАЦИЯ, РАСПРОСТРАНЕНИЕ И ДР.
Место издания, распространения и т.д. Москва
-- Санкт-Петербург
Имя издателя, распространителя и т. д. ДИЛЯ
Дата издания, распространения и т.д. 2017
215 ## - ФИЗИЧЕСКАЯ ХАРАКТЕРИСТИКА
Специфическое обозначение материала и объем 351 с.
Другие сведения о физической характеристике ил.
Размеры 20
300 ## - ОБЩИЕ ПРИМЕЧАНИЯ
Текст примечания Загл. и авт. ориг.: Das fünf Elemente Kochbuch / Barbara Temelie & Beatrice Trebuth
300 ## - ОБЩИЕ ПРИМЕЧАНИЯ
Текст примечания На 4-й с. обл. авт.: Барбара Темели, врач тадиц. кит. медицины и Беатрис Требут, целитель
313 ## - ПРИМЕЧАНИЯ, ОТНОСЯЩИЕСЯ К ТЕМАТИЧЕСКОМУ ДОСТУПУ
Текст примечания Пред. изд. 2010
454 #0 - ОРИГИНАЛ (ПЕРЕВОДА)
Встроенное поле 2001#$aDas fünf Elemente Kochbuch
-- 700#1$aTemelie$bB.$gBarbara
-- 701#1$aTrebuth$bB.$gBeatrice
Заглавие Das fünf Elemente Kochbuch
Автор Temelie, Barbara
606 1# - НАИМЕНОВАНИЕ ТЕМЫ КАК ПРЕДМЕТ
Наименование темы Диетические блюда
Тематический подзаголовок Рецептура
Системный номер авторитетной/нормативной записи 2080802
Идентификатор авторитетной/нормативной записи RU\NLR\AUTH\661256754
606 1# - НАИМЕНОВАНИЕ ТЕМЫ КАК ПРЕДМЕТ
Наименование темы Китайская диета
Системный номер авторитетной/нормативной записи 2430172
Идентификатор авторитетной/нормативной записи RU\NLR\AUTH\661446536
606 ## - НАИМЕНОВАНИЕ ТЕМЫ КАК ПРЕДМЕТ
Наименование темы Китайская кухня
Системный номер авторитетной/нормативной записи 2100835
Идентификатор авторитетной/нормативной записи RU\NLR\AUTH\661270587
686 ## - ИНДЕКСЫ ДРУГИХ КЛАССИФИКАЦИЙ
Индекс Р123.03я9
Код системы
686 ## - ИНДЕКСЫ ДРУГИХ КЛАССИФИКАЦИЙ
Индекс Л996.5я27
Код системы
686 1# - ИНДЕКСЫ ДРУГИХ КЛАССИФИКАЦИЙ
Индекс Л997(3)
686 1# - ИНДЕКСЫ ДРУГИХ КЛАССИФИКАЦИЙ
Индекс Р123.03
700 #1 - ИМЯ ЛИЦА - ПЕРВИЧНАЯ ОТВЕТСТВЕННОСТЬ
Начальный элемент ввода Темели
Часть имени, кроме начального элемента ввода Б.
Расширение инициалов личного имени Барбара
701 #1 - ИМЯ ЛИЦА - АЛЬТЕРНАТИВНАЯ ОТВЕТСТВЕННОСТЬ
Начальный элемент ввода Требут
Часть имени, кроме начального элемента ввода Б.
Расширение инициалов личного имени Беатрис
942 ## - ДОПОЛНИТЕЛЬНЫЕ ЭЛЕМЕНТЫ ЗАПИСИ (АБИС)
Тип экземпляра АБИС Книга
980 ## - КОЛЛЕКЦИЯ
Название коллекции НБР

Нет доступных экземпляров.